000
00303nam a2200121Ia 4500
008
231106s2020 xx 000 0 und d
041
_a
eng
082
_a
751.42
100
_a
TERRY HARRISONS
245
_a
BEGINNERS GUIDE TO BOTANICAL FLOWER PAINTING
260
_b
SEARCH PRESS
_c
2020
300
_a
P-128
999
_c
920140
_d
920140